000 00272nam a2200097Ia 4500
082 _aEJF MATT
245 0 _aAn elephant's tail
100 _a Matthews, Elle, , 1966- Umhlanga, South Africa, [c.2008]
_916936
942 _cBK
008 210816s9999 xx 000 0 und d
999 _c81457
_d81456